| 000 | 01410 a2200229 4500 | ||
|---|---|---|---|
| 001 | 45053 | ||
| 005 | 20260407155726.0 | ||
| 008 | 260407a2009 arg spa d | ||
| 003 | AR-UNSa-BCEJYS | ||
| 040 |
_aAR-UNSa-BCEJYS _bspa _cAR-UNSa-BCEJYS |
||
| 080 |
_a304.4 _xAspectos generales de las políticas y prácticas sociales y culturales (política social) |
||
| 245 | 1 | 0 | _aReflexiones y propuestas de políticas para mejorar la distribución del ingreso en Argentina |
| 020 | _a978-92-2-322628-2 | ||
| 264 | 1 |
_aBuenos Aires : _bOIT _c2009 |
|
| 300 |
_a266 p. _c29 cm. |
||
| 505 | _a1.Coordinación de políticas e instituciones para la mejora de la distribución del ingreso en Argentina / Saúl N. Keifman – 2. Políticas públicas y desigualdad de ingresos en Argentina : evolución reciente y opciones de política / Giovanni Andrea Cornia – 3. Análisis de la situación tributaria argentina y propuestas de reformas impositivas destinadas a mejorar la distribución del ingreso / Juan C. Gómez Sabaini, Darío Rossignolo – 4. Politicas de transferencias monetarias en Argentina: evaluación de su impacto sobre la pobreza y la desigualdad, y avaluación de sus costos. | ||
| 041 | _aspa | ||
| 942 | _cBK | ||
| 590 | _aniveau_biblio:m niveau_hierar:0 | ||
| 100 | 1 | _aKeifman, Saúl N. | |
| 856 | 4 | 1 |
_uhttps://www.biblioeco.unsa.edu.ar/pmb/images/libros/L127075.jpg _yImagen de portada _qimage/jpeg |
| 999 |
_c3904 _d3904 |
||